000 00873nam a2200241 a 4500
001 57418
003 BD-RjUL
005 20211209080518.0
008 161210s1947 ii ||||| |||| 00| 0 ben d
020 _c: IRs 4.00
035 _a(BD-RjUL)57542
040 _aBD-RjUL
_bben
_cBD-RjUL
041 _aben
082 _223
_a225
_bBON 1947
100 _aবোয়ার, যোহান
_9170506
245 1 0 _aনব-মন্দির /
_cযোহান বোয়ার
260 _aকলিকাতা :
_bবেঙ্গল পাবলিশার্স,
_c১৯৪৭ [১৩৫৪]
300 _a৩২২ পৃ. ;
_c১৬ সেমি.
650 _aNew Testament
_9170507
650 _aনব মন্দির
_9170508
700 _aরায়, মহেন্দ্রচন্দ্র, অনুবাদ
_9170509
942 _2ddc
_cBK
999 _c57418
_d57418